| 000 | 00613nam a2200241 a 4500 | ||
|---|---|---|---|
| 001 | 0001-0997 | ||
| 003 | ELIB.Books | ||
| 008 | 141015 2010 eng | ||
| 020 | _a0816402485 | ||
| 035 | _a(ELIB.Books)0001-1151 | ||
| 092 |
_a616.8 _bHof |
||
| 100 | _aHoff, Ebbe Curtis. | ||
| 245 | _aAlcoholism: The Hidden Addiction | ||
| 260 |
_aNew York _bA Crossroad Book _c1974 |
||
| 300 |
_a170 _c20.5 Cm |
||
| 500 | _aDr. Yahalaylayla | ||
| 650 | _aAlcoholism | ||
| 856 |
_nKBTS; Library _uKBTS; Elib. |
||
| 942 |
_2ddc _cBK |
||
| 990 | _a1 | ||
| 998 |
_cbat _e2014-10-15 |
||
| 999 |
_c10997 _d10997 |
||